00581nam a22001937a 450000100060000000300090000600500170001500800410003202000180007304000380009108200170012910000200014624500790016626000320024530000290027750400410030665000230034770000170037019149BD-DhUAP20200203152743.0200203s2015 bg ||||| b||| 00| 0 eng d a9789843393258 aBD-DhUAPbEngcBD-DhUAPdBD-DhUAP 223a341 HOS  aHossain, Amran. aPillars of international law and politics /cAmran Hossain and Arif Ahmed. aDhaka : bAuthors, cc2015. axiv, 479 pages ;c22 cm. aIncludes bibliographical references. aInternational law. aAhmed, Arif.